Grafika vyčislitel'nych processov

Uložené v:
Podrobná bibliografia
Hlavný autor: Pantelejeva, Zinaida Timofejevna
Médium: Kniha
Jazyk:Russian
Vydavateľské údaje: Moskva Finansy i statistika 1983
Tagy: Pridať tag
Žiadne tagy, Buďte prvý, kto otaguje tento záznam!

MARC

LEADER 00000nam a2200000 4500
001 c115302
005 20041019155201.0
041 0 |a rus 
044 |a RU 
245 1 0 |a Grafika vyčislitel'nych processov  |c Zinaida Timofejevna Pantelejeva 
264 1 |a Moskva  |b Finansy i statistika  |c 1983 
300 |a 166 s. 
100 1 |a Pantelejeva, Zinaida Timofejevna